| 000 | 00577 a2200157 4500 | ||
|---|---|---|---|
| 003 | NUST | ||
| 005 | 20221209145525.0 | ||
| 040 | _cNust | ||
| 082 | _a297.55,BAZ | ||
| 100 |
_a Baz , Shaykh Abdul Aziz Bin Abdullah Bin _9104566 |
||
| 245 |
_aFatawa Islamiyah Islamic Verdicts (Vol-3) / _cShaykh Abdul Aziz Bin Abdullah Bin Baz |
||
| 260 |
_aLondon _bDarussalam _c2001 |
||
| 300 | _a396 p .: | ||
| 505 | _aRuling Pertaining to the Masjids (Page-1), The Book of Funerals (Page-55), The Book of Az-Zakah (Page-148), The Book of Fasting (Page-211). | ||
| 942 |
_2ddc _cBK _k297.55,BAZ |
||
| 999 |
_c197085 _d197085 |
||